Montpellier - Tous les joueurs de 2010 à 2025 - Statistiques

Statistiques générales
  • Ce quiz a été pris 276 fois
    49 depuis la dernière actualisation
  • Le résultat moyen est 52 sur 156
Statistiques - réponses
Saison Nationalité Joueur Nombre
De Matchs
Poste % Correct
2011 - 2021 Brésil VitorinoHilton 354 D
96%
2019 - France TéjiSavanier 181 M
91%
2017 - 20192022 - 2025 France BenjaminLecomte 161 G
87%
2010 - 2012 France OlivierGiroud 85 A
87%
2018 - 20212024 - 2025 Algérie AndyDelort 115 A
83%
2006 - 2017 France GeoffreyJourdren 287 G
83%
2022 - 2023 Sénégal BingourouKamara 6 G
78%
2019 - 2025 France JordanFerri 187 M
78%
2007 - 2020 Sénégal SouleymaneCamara 433 A
78%
2022 - 2025 Tunisie WahbiKhazri 87 A
78%
2009 - 2013 Maroc YounesBelhanda 144 M
78%
2018 - 2021 France GaetanLaborde 118 A
70%
2023 - 2025 Jordanie MousaTamari 43 A
70%
2011 - 20142021 - 2022 France RémyCabella 121 M
70%
2012 - 2021 France DanielCongré 325 D
65%
2019 - 2025 France JorisChotard 189 M
65%
2022 - 2025 France ArnaudNordin 75 A
61%
2023 - 2025 Nigéria AkorAdams 49 A
57%
2020 - 2023 France ElyeWahi 92 A
57%
2022 - 2025 Mali FalayeSacko 72 D
57%
2006 - 2013 France MapouYanga - Mbiwa 219 D
57%
2017 - 2025 RepubliqueDémocratique Du Congo DimitryBertaud 49 G
52%
2014 - 2019 Tunisie EllyesSkhiri 133 M
52%
2019 - 2020 Argentine GeronimoRulli 28 G
52%
2017 - 2023 Portugal PedroMendes 115 D
52%
2017 - 2019 France RubenAguilar 68 D
52%
2020 - 2023 Angleterre StephyMavididi 98 A
52%
2023 - Suisse BecirOmeragic 54 D
48%
2015 - 2018 Tchad CasimirNinga 70 A
48%
2011 - 2013 Cameroun HenriBedimo 83 D
48%
2022 - 2025 Guinée IssiagaSylla 54 D
48%
2006 - 2017 Tunisie JamelSaihi 201 M
48%
2020 - 2023 Suisse JonasOmlin 74 G
48%
2016 - 2017 France KillianSanson 2 M
48%
2021 - 2023 France MamadouSakho 49 D
48%
2013 - 2017 France MorganSanson 106 M
48%
2021 - 2023 France ValèreGermain 68 A
48%
2016 - 2017 Mali YacoubaSylla 20 M
48%
2010 - 2014 France BenjaminStambouli 130 M
43%
2022 - France ChristopherJullien 51 D
43%
2018 - 2022 France FlorentMollet 139 M
43%
2008 - 2014 France GarryBocaly 130 D
43%
2010 - 2013 Nigéria JohnUtaka 86 A
43%
2005 - 2015 Maroc KarimAit - Fana 173 A
43%
2002 - 2018 France LaurentPionnier 197 G
43%
2010 - 2013 Chili MarcoEstrada 99 M
43%
2015 - 2017 Algérie RyadBoudebouz 73 M
43%
2014 - 2017 Bénin SteveMounié 41 A
43%
2022 - France ThéoSainte - Luce 34 D
43%
2013 - 2015 Colombie Victor HugoMontano 41 A
43%
2024 - 2025 Mali BiramaToure 8 M
39%
2009 - 2013 France CyrilJeunechamp 91 D
39%
2009 - 2011 Bosnie EmirSpahic 60 D
39%
2022 - Cameroun EnzoTchato 66 D
39%
2009 - 2012 France GeoffreyDernis 69 A
39%
2015 - 2018 Guadeloupe JéromeRoussillon 95 D
39%
2014 - 2015 Paraguay LucasBarrios 33 A
39%
2018 - 2022 Croatie MihailoRistic 99 D
39%
2014 - 2019 France PaulLasne 148 M
39%
2023 - 2025 France TanguyCoulibaly 44 A
39%
2012 - 2016 BurkinaFaso BryanDabo 82 M
35%
2017 - 2018 CoteD'Ivoire GiovanniSio 38 A
35%
2010 - 20112012 - 2016 France JonasMartin 116 M
35%
2008 - 2017 Martinique JorisMarveaux 232 M
35%
2021 - 2024 France LéoLeroy 77 M
35%
2021 - 2024 France MaximeEstève 62 D
35%
2013 - 2014 Sénégal M'BayeNiang 22 A
35%
2023 - 2025 Mali ModiboSagnan 41 D
35%
2016 - 2018 Bénin StéphaneSessegnon 46 M
35%
2007 - 2015 Maroc AbdelhamidEl Kaoutari 170 D
30%
2017 - 2022 Cameroun AmbroiseOyongo 79 D
30%
2017 - 2022 France JuniorSambia 162 D
30%
2016 - 2021 Afrique Du Sud KeaganDolly 64 A
30%
2014 - 2018 France KévinBérigaud 78 A
30%
2022 - Maroc KhalilFayad 71 M
30%
2022 - 2025 Mali KikiKouyaté 49 D
30%
2017 - 2023 France NicolasCozza 112 D
30%
2021 - 2022 Etats - Unis NicolasGioacchini 31 A
30%
2023 - 2025 Maroc OhtmaneMaamma 14 A
30%
2018 - 2021 Serbie PetarSkuletic 59 A
30%
2015 - 2016 Algérie RamyBensebaini 25 D
30%
2013 - 2015 CoteD'Ivoire SiakaTiéné 45 D
30%
2016 - 2017 Belgique AnthonyVanden Borre 10 D
26%
2019 - 2023 France ArnaudSouquet 104 D
26%
2012 - 2013 France GaetanCharbonnier 34 A
26%
2016 - 2018 France JonathanIkoné 37 A
26%
2012 - 2017 France JonathanLigali 18 G
26%
2015 - 2017 Sénégal MamadouN'Diaye 15 D
26%
2018 - 2020 Uruguay MathiasSuarez 12 D
26%
2024 - France NicolasPays 9 M
26%
2024 - 2025 France RabbyNzingoula 27 M
26%
2009 - 2013 France RomainPitau 107 M
26%
2012 - 2015 France AnthonyMounier 111 A
22%
2024 - 2025 CoteD'Ivoire BamoMeite 7 D
22%
2012 - 2014 Argentine EmmanuelHerrera 51 A
22%
2010 - 2012 Turquie HasanKabze 31 A
22%
2019 - 2021 Corée Du Sud Il - LokYun 18 A
22%
2016 - 2018 Belgique IsaacMbenza 59 A
22%
2013 - 2016 Pérou JeanDeza 24 A
22%
2023 - France LucasMincarelli 24 D
22%
2019 - 2023 Portugal MatisCarvalho 3 G
22%
1997 - 20042007 - 2011 Serbie NenadDzodic 272 D
22%
2016 - 2017 Guadeloupe Nicolas Saint - Ruf 10 D
22%
2016 - 2018 France NordiMukiele 56 D
22%
2006 - 20092010 - 2011 France RomainArmand 35 A
22%
2024 - 2025 Serbie StefanDzodic 8 M
22%
2024 - France YaelMouanga 14 D
22%
2022 - France AxelGueguin 12 A
17%
2018 - 2020 France BilalBoutobba 3 A
17%
2018 - 2021 France DamienLe Tallec 97 M
17%
2013 - 2016 Comores DjamelBakar 36 A
17%
2014 - 2016 Suisse DylanGissi 2 D
17%
2022 - 2023 France FaitoutMaouassa 34 D
17%
2015 - 2016 France FlorianSotoca 2 A
17%
2008 - 2012 Guinée FodéKoita 23 A
17%
2017 - 2019 France JérémiePorsan - Clémente 2 A
17%
2023 - Emirats ArabesUnis JuniorNdiaye 17 A
17%
2023 - 2024 Italie KelvinYeboah 15 A
17%
2011 - 2017 France MathieuDeplagne 113 D
17%
2015 - 2016 France QuentinCornette 6 A
17%
2023 - France YanisIssoufou 6 A
17%
2016 - 2017 Congo BryanPassi 3 D
13%
2024 - 2025 Suisse GabrielBares 6 M
13%
2011 - 2014 Bénin JonathanTinhan 14 A
13%
2016 - 2017 RépubliqueTchèque LukasPokorny 13 D
13%
2016 - 2019 Congo MorganPoaty 9 D
13%
2024 - 2025 Serbie NikolaMaksimovic 7 D
13%
2023 - 2024 Suisse SilvanHefti 14 D
13%
2024 - 2025 France Simon Cara 2 M
13%
2012 - 2014 France TeddyMezague 16 D
13%
2024 - France TheoChennahi 4 M
13%
2019 - 2020 France ThibaultVargas 4 D
13%
2024 - Cameroun WilfriedNdollo Bille 8 D
13%
2015 - 2018 France WilliamRémy 48 D
13%
2008 - 2011 France XavierCollin 64 D
13%
2023 - 2024 France YannKaramoh 13 A
13%
2013 - 2015 Maroc YassineJebbour 15 D
13%
2012 - 2013 France AdrienCoulomb 1 M
9%
2014 - 2016 France AnthonyRibelin 9 D
9%
2016 - 2017 Congo CédricMongongu 4 D
9%
2019 - 2021 France ClémentVidal 3 D
9%
2007 - 2011 France GrégoryLacombe 83 A
9%
2015 - 2016 Mali MustaphaYatabaré 31 A
9%
2020 - 2024 France SachaDelaye 28 M
9%
2014 - 2016 Suisse SébastienWuthrich 2 M
9%
2016 - 2017 France AlexandreLlovet 3 M
4%
2019 - 2020 France BastianBadu 1 A
4%
2021 - 2023 Congo BéniMakouana 34 A
4%
2017 - 2019 Uruguay FacundoPiriz 27 M
4%
2016 - 2017 France PierrickFito 1 M
4%
2020 - 2021 France SamyBenchamma 5 M
4%
2022 - 2023 Sénégal SerigneFaye 2 A
4%
2022 - 2023 France ThibaultTamas 1 D
4%
2021 - 2022 Brésil Thuler 18 D
4%
2018 - 2019 France YanisAmmour 1 A
4%
2021 - 2022 Algérie YanisGuermouche 4 A
4%
Aucun quiz correspondant
Distribution des résultats
% des personnes avec chaque résultat
Percentile par nombre de réponses
Votre historique - résultats
Vous n’avez pas pris ce quiz depuis la dernière actualisation